00597nam a22001097a 4500040000900000082002700009100001800036245029400054260002600348300002600374856008700400 cRUA  aAGR MEA 2013 B054 Or.1 aMEAS, SOTHEA. aComparison of different types of fertilizer on the growth and yield of cucumber (Cucummis sativus L.) ប្រៀបធៀបប្រភេទជីផ្សេងៗគ្នាទៅលើការលូតលាស់ និងទិន្នផល​ដំណាំត្រសក់ aPhnom PenhbRUAc2013 aix; 36p.bill.c29cm. uhttps://drive.google.com/file/d/1PTMicq1OkizEqt2Z7LDSzuCdqyUstXrr/view?usp=sharing